| 000 | 00940cab a2200277 4500 | ||
|---|---|---|---|
| 001 | WB3208-35 | ||
| 008 | 090401t1996 xxu||||| |||| 00| 0 eng d | ||
| 035 | _a(Sirsi) u34546 | ||
| 041 | _aeng | ||
| 245 | _aExpert witness valuations | ||
| 260 | _c1996 | ||
| 350 | _a0 | ||
| 490 |
_aEstates Gazette Case Summaries _v[1996] EGCS 23(1) (17/2/96) |
||
| 520 | _a"Abbey National Mortgages plc v Key Surveyors Nationwide Ltd and others" CA 5 February 1996. Concludes that a single expert witness can provide reliable valuations on various regions; a surveyor from each locality is not necessary. | ||
| 650 | _aCOMPARABLES | ||
| 650 | _aEXPERT EVIDENCE | ||
| 650 | _aEXPERT WITNESSES | ||
| 650 | _aOVER-VALUATION | ||
| 650 | _aRSC ORD 40 | ||
| 650 | _aVALUATION EXPERT | ||
| 650 |
_aValuation _96273 |
||
| 650 | _aVALUERS | ||
| 690 | _aMANAGEMENT-BUSINESS MANAGEMENT-PROFESSIONAL PRACTICE | ||
| 942 | _n0 | ||
| 948 | _c04/03/1997 | ||
| 999 |
_c22864 _d22864 |
||